000 00575nam a22001577a 4500
003 OSt
005 20150925141311.0
008 150925b xxu||||| |||| 00| 0 eng d
040 _cRUA
082 _aAGR CHH 2013 BO55 Or.1
100 _91327
_aCHHUM, SATHYANEITH
245 _aCOMPARISON OF RED MAIZE AT ROYAL UNIVERSITY OF AGRICULTURE ប្រៀបធៀបពូជពោតក្រហមនៅសាកលវិទ្យាល័យភូមិន្ធកសិកម្ម.
260 _aphnom phen
_bRUA
_c2013
300 _aVIII,52p.
_bill.
_c29cm.
942 _2ddc
_cAGR
999 _c1248
_d1248